[Event "Titled Tuesday intern op 26th Jul Late"]
[Site "Chess.com INT"]
[Date "2022.07.26"]
[Round "5"]
[White "Peng, David T"]
[Black "Altun, Arda"]
[Result "1-0"]
[WhiteElo "2287"]
[BlackElo "2213"]
[PlyCount "69"]
[EventDate "2022.07.26"]
[EventType "swiss (blitz)"]
[EventRounds "11"]
[EventCountry "USA"]
[SourceTitle "EXT 2023"]
[Source "ChessBase"]
[SourceDate "2022.10.05"]
[SourceVersion "1"]
[SourceVersionDate "2022.10.05"]
[SourceQuality "1"]

1. e4 c5 2. Nf3 Nc6 3. Bc4 g6 4. 0-0 Bg7 5. c3 e5 6. b4 cxb4 7. cxb4 Nge7 8. Qb3 0-0 9. Nc3 Nd4 10. Nxd4 exd4 11. Nd5 Nxd5 12. Bxd5 d6 13. f4 Qb6 14. d3 Bd7 15. a4 a5 16. b5 Rac8 17. Bd2 Rc5 18. f5 gxf5 19. exf5 Qd8 20. f6 Bxf6 21. Bh6 Bg7 22. Rxf7 Rxf7 23. Bxf7+ Kh8 24. Bxg7+ Kxg7 25. Bh5 Qg5 26. Qf7+ Kh6 27. Qxd7 Qxh5 28. Qxd6+ Kg7 29. Qe7+ Kg8 30. Rf1 Rf5 31. Qd8+ Kg7 32. Qd7+ Kg6 33. Qe6+ Kg7 34. Qxf5 Qxf5 35. Rxf5 1-0

[Event "Titled Tuesday intern op 26th Jul Late"]
[Site "Chess.com INT"]
[Date "2022.07.26"]
[Round "4"]
[White "Sjugirov, Sanan"]
[Black "Peng, David T"]
[Result "1-0"]
[WhiteElo "2696"]
[BlackElo "2287"]
[PlyCount "63"]
[EventDate "2022.07.26"]
[EventType "swiss (blitz)"]
[EventRounds "11"]
[EventCountry "USA"]
[SourceTitle "EXT 2023"]
[Source "ChessBase"]
[SourceDate "2022.10.05"]
[SourceVersion "1"]
[SourceVersionDate "2022.10.05"]
[SourceQuality "1"]

1. d4 Nf6 2. Nf3 d5 3. Bf4 g6 4. e3 Bg7 5. Nbd2 c5 6. c3 Qb6 7. Qb3 c4 8. Qa3 Nc6 9. b3 cxb3 10. axb3 0-0 11. Be2 Bg4 12. h3 Bxf3 13. Bxf3 e6 14. 0-0 Rfe8 15. b4 e5 16. Bg5 e4 17. Be2 h6 18. Bxf6 Bxf6 19. Nb3 Be7 20. Qa2 Rad8 21. Nc5 a6 22. Rfb1 Bxc5 23. bxc5 Qc7 24. c4 Ne7 25. Rb6 dxc4 26. Bxc4 Rf8 27. Rab1 Rb8 28. Qb3 Kg7 29. Rxb7 Rxb7 30. Qxb7 Qxb7 31. Rxb7 Nf5 32. Bxa6 1-0

[Event "Titled Tuesday intern op 04th Jan"]
[Site "Chess.com INT"]
[Date "2022.01.04"]
[Round "4"]
[White "Kobo, Ori"]
[Black "Peng, David T"]
[Result "1-0"]
[WhiteElo "2516"]
[BlackElo "2287"]
[PlyCount "67"]
[EventDate "2022.01.04"]
[EventType "swiss (blitz)"]
[EventRounds "11"]
[EventCountry "USA"]
[SourceTitle "EXT 2023"]
[Source "ChessBase"]
[SourceDate "2022.10.05"]
[SourceVersion "1"]
[SourceVersionDate "2022.10.05"]
[SourceQuality "1"]

1. e4 c5 2. Nc3 e6 3. Nge2 Nc6 4. g3 a6 5. Bg2 b5 6. d4 cxd4 7. Nxd4 Bb7 8. 0-0 Be7 9. Re1 d6 10. a4 bxa4 11. Rxa4 Nxd4 12. Rxd4 Qc7 13. Qg4 h5 14. Qe2 Nf6 15. Rc4 Qd7 16. Bg5 Rc8 17. Rd1 Rxc4 18. Qxc4 Qc8 19. Qb3 Nd7 20. Bxe7 Kxe7 21. e5 d5 22. Na4 Bc6 23. Qb4+ Ke8 24. Rd3 Bxa4 25. Qxa4 Qc4 26. Qa5 Qxc2 27. Rc3 Qd1+ 28. Bf1 Ke7 29. Qb4+ Kd8 30. Qa5+ Ke7 31. Qb4+ Kd8 32. Qd6 Re8 33. Rc7 Qa4 34. Rb7 1-0

[Event "Titled Tuesday intern op 04th Jan"]
[Site "Chess.com INT"]
[Date "2022.01.04"]
[Round "2"]
[White "Sorokin, Aleksey"]
[Black "Peng, David T"]
[Result "1-0"]
[WhiteElo "2536"]
[BlackElo "2287"]
[PlyCount "51"]
[EventDate "2022.01.04"]
[EventType "swiss (blitz)"]
[EventRounds "11"]
[EventCountry "USA"]
[SourceTitle "EXT 2023"]
[Source "ChessBase"]
[SourceDate "2022.10.05"]
[SourceVersion "1"]
[SourceVersionDate "2022.10.05"]
[SourceQuality "1"]

1. e4 c5 2. Nf3 e6 3. c4 Nc6 4. Nc3 Nf6 5. d4 cxd4 6. Nxd4 Bb4 7. Nxc6 bxc6 8. Bd3 e5 9. Bd2 0-0 10. a3 Be7 11. Qf3 d6 12. h3 Rb8 13. b4 Be6 14. Rd1 a5 15. bxa5 Qxa5 16. Nd5 Qa7 17. Nxe7+ Qxe7 18. c5 dxc5 19. Bc3 c4 20. Bc2 Nd7 21. 0-0 Qxa3 22. Qg3 Qc5 23. Rxd7 Bxd7 24. Bxe5 f6 25. Bxb8 Be6 26. Bd6 1-0

[Event "Titled Tuesday intern op 31st Aug"]
[Site "Chess.com INT"]
[Date "2021.08.31"]
[Round "3"]
[White "Peng, David T"]
[Black "Kovalev, Vladislav"]
[Result "0-1"]
[WhiteElo "2287"]
[BlackElo "2637"]
[PlyCount "48"]
[EventDate "2021.08.31"]
[EventType "swiss (blitz)"]
[EventRounds "11"]
[EventCountry "USA"]
[SourceTitle "EXT 2022"]
[Source "ChessBase"]
[SourceDate "2021.10.06"]
[SourceVersion "1"]
[SourceVersionDate "2021.10.06"]
[SourceQuality "1"]

1. e4 e5 2. Nf3 Nc6 3. Bb5 a6 4. Ba4 d6 5. c3 Bd7 6. 0-0 Nf6 7. Re1 g6 8. d4 Bg7 9. Nbd2 0-0 10. h3 Re8 11. dxe5 Nxe5 12. Nxe5 Rxe5 13. Bxd7 Qxd7 14. f4 Re7 15. e5 dxe5 16. fxe5 Nh5 17. Nf3 Qxd1 18. Rxd1 Bxe5 19. Nxe5 Rxe5 20. Rd7 Re1+ 21. Kf2 Rae8 22. b3 Nf4 23. Kf3 Rf1+ 24. Kg3 Ne2+ 0-1

[Event "Titled Tuesday intern op 31st Aug"]
[Site "Chess.com INT"]
[Date "2021.08.31"]
[Round "5"]
[White "Peng, David T"]
[Black "Lopez Gonzalez, Daniel"]
[Result "1/2-1/2"]
[WhiteElo "2287"]
[BlackElo "2193"]
[PlyCount "124"]
[EventDate "2021.08.31"]
[EventType "swiss (blitz)"]
[EventRounds "11"]
[EventCountry "USA"]
[SourceTitle "EXT 2022"]
[Source "ChessBase"]
[SourceDate "2021.10.06"]
[SourceVersion "1"]
[SourceVersionDate "2021.10.06"]
[SourceQuality "1"]

1. e4 e6 2. d3 d5 3. Qe2 Nf6 4. e5 Nfd7 5. Nf3 c5 6. g3 Nc6 7. h4 b6 8. Bf4 Bb7 9. Bh3 Be7 10. Nbd2 Qc7 11. 0-0 h6 12. h5 0-0-0 13. c4 Na5 14. cxd5 Bxd5 15. b4 Nb7 16. a4 Kb8 17. a5 cxb4 18. axb6 Nxb6 19. Rfc1 Qd7 20. Be3 Rc8 21. Nc4 Bc5 22. Nxb6 Bxb6 23. Bxb6 Rxc1+ 24. Rxc1 axb6 25. Bg2 Rc8 26. Ra1 b3 27. d4 Bc4 28. Qb2 Qb5 29. Qa3 Na5 30. Nd2 Bd5 31. Qd6+ Kb7 32. Rb1 Bxg2 33. Kxg2 Rc2 34. Qe7+ Ka6 35. Nxb3 Nxb3 36. Qa3+ Na5 37. Rxb5 Kxb5 38. Qd3+ Rc4 39. d5 exd5 40. Qxd5+ Rc5 41. Qd7+ Nc6 42. f4 Kc4 43. Qxf7+ Kc3 44. e6 b5 45. Qxg7+ Kc2 46. e7 Nxe7 47. Qxe7 Rc4 48. Qd6 b4 49. Qxh6 b3 50. Qg6+ Kc1 51. h6 b2 52. h7 Rc2+ 53. Kf3 b1Q 54. Kg4 Rh2 55. Qc6+ Qc2 56. Qxc2+ Kxc2 57. Kf5 Rxh7 58. g4 Kd3 59. g5 Ke3 60. g6 Rg7 61. Kf6 Rxg6+ 62. Kxg6 Kxf4 1/2-1/2

[Event "Titled Tuesday intern op 29th June"]
[Site "Chess.com INT"]
[Date "2021.06.29"]
[Round "7"]
[White "Peng, David T"]
[Black "Kotepalli, Sai Nirupama"]
[Result "0-1"]
[WhiteElo "2287"]
[BlackElo "1914"]
[PlyCount "72"]
[EventDate "2021.06.29"]
[EventType "swiss (blitz)"]
[EventRounds "11"]
[EventCountry "USA"]
[SourceTitle "CBM 203 Extra"]
[Source "ChessBase"]
[SourceDate "2021.09.30"]
[SourceVersion "1"]
[SourceVersionDate "2021.09.30"]
[SourceQuality "1"]

1. e4 c5 2. Ne2 e6 3. Nbc3 Nc6 4. d4 cxd4 5. Nxd4 Nf6 6. Ndb5 Bb4 7. a3 Bxc3+ 8. Nxc3 d5 9. exd5 exd5 10. Bd3 d4 11. Ne2 0-0 12. 0-0 Qd5 13. Nf4 Qd6 14. Re1 h6 15. Bd2 Rd8 16. Qf3 Ne5 17. Qg3 Nxd3 18. Nxd3 Qxg3 19. hxg3 Bf5 20. Re7 Rac8 21. Rc1 Rd7 22. Rxd7 Nxd7 23. f3 Bxd3 24. cxd3 Rxc1+ 25. Bxc1 Nc5 26. Bd2 Nxd3 27. b4 Nb2 28. Kf1 Nc4 29. Bc1 d3 30. Ke1 Kf8 31. a4 Ke7 32. Bf4 Ke6 33. a5 a6 34. Bb8 Kd5 35. Kd1 Kd4 36. f4 Kc3 0-1

[Event "Titled Tuesday intern op 09th Feb"]
[Site "Chess.com INT"]
[Date "2021.02.09"]
[Round "4"]
[White "Okike, David"]
[Black "Peng, David T"]
[Result "1/2-1/2"]
[WhiteElo "2177"]
[BlackElo "2287"]
[PlyCount "142"]
[EventDate "2021.02.09"]
[EventType "swiss (blitz)"]
[EventRounds "11"]
[EventCountry "USA"]
[SourceTitle "EXT 2022"]
[Source "ChessBase"]
[SourceDate "2021.10.06"]
[SourceVersion "1"]
[SourceVersionDate "2021.10.06"]
[SourceQuality "1"]

1. e4 c5 2. Nf3 e6 3. d4 cxd4 4. Nxd4 a6 5. Bd3 Nf6 6. Qe2 d6 7. 0-0 Nbd7 8. c4 Qc7 9. Nc3 b6 10. Be3 Bb7 11. f3 g6 12. Rac1 Bg7 13. Rfd1 0-0 14. Qf2 h5 15. Bf1 Rfe8 16. Nc2 Rac8 17. Qd2 Bf8 18. Bf4 Ne5 19. Ne3 Nfd7 20. Bg3 Bh6 21. f4 Ng4 22. Nxg4 hxg4 23. Qxd6 Nc5 24. e5 Qxd6 25. Rxd6 Rc6 26. Rcd1 Bf8 27. Rd8 Rc8 28. Rxe8 Rxe8 29. Bf2 Rc8 30. Be2 Ne4 31. Nxe4 Bxe4 32. Bxb6 Rc6 33. Be3 Bf5 34. b3 Kg7 35. Kf2 Ba3 36. Rd7 a5 37. Ra7 Bb4 38. Bd4 Rc8 39. Ke3 Rd8 40. Rb7 Rh8 41. c5 Rxh2 42. Kf2 Rxg2+ 43. Kxg2 Be4+ 44. Kg3 Bxb7 45. Kxg4 Kf8 46. Bb5 Ke7 47. Kg3 Kd8 48. Kf2 Be4 49. Ke3 Bb1 50. a4 Bc2 51. Bc4 Kc7 52. c6 Kxc6 53. Ba7 Kc7 54. Bd4 Kd8 55. Bb6+ Ke7 56. Kd4 Bd1 57. Kd3 Kd7 58. Bb5+ Kc8 59. Be8 Bxb3 60. Bd4 Kd8 61. Bxf7 Ke7 62. Bxg6 Bxa4 63. Kc4 Bc6 64. Bc5+ Bxc5 65. Kxc5 Bd5 66. Bd3 Bb3 67. f5 exf5 68. Bxf5 Be6 69. Kb5 Bxf5 70. Kxa5 Ke6 71. Kb5 Kxe5 1/2-1/2

[Event "Titled Tuesday intern op 19th Jan"]
[Site "Chess.com INT"]
[Date "2021.01.19"]
[Round "4"]
[White "Carroll, Thomas"]
[Black "Peng, David T"]
[Result "0-1"]
[WhiteElo "2033"]
[BlackElo "2287"]
[PlyCount "80"]
[EventDate "2021.01.19"]
[EventType "swiss (blitz)"]
[EventRounds "11"]
[EventCountry "USA"]
[SourceTitle "CBM 200 Extra"]
[Source "ChessBase"]
[SourceDate "2021.03.31"]
[SourceVersion "1"]
[SourceVersionDate "2021.03.31"]
[SourceQuality "1"]

1. d4 e6 2. e4 d5 3. Nd2 Be7 4. Ngf3 Nf6 5. e5 Nfd7 6. Bd3 c5 7. c3 Nc6 8. 0-0 g5 9. dxc5 Ndxe5 10. Nxe5 Nxe5 11. Bc2 Bxc5 12. Nf3 Nxf3+ 13. Qxf3 Bd7 14. Re1 Bc6 15. b4 Be7 16. Qh5 Qd6 17. b5 Bxb5 18. a4 Bd7 19. Ba3 Qf4 20. Bxe7 Kxe7 21. Re3 Raf8 22. Rae1 Qf6 23. Bb3 Bc6 24. Qg4 Kd7 25. Qb4 Kc8 26. a5 Qd8 27. a6 Qb6 28. axb7+ Bxb7 29. Qe7 Qxb3 30. c4 Qxc4 31. Qa3 Kb8 32. Qd6+ Ka8 33. Ra3 Rc8 34. h4 Rc6 35. Qe5 Rhc8 36. Rea1 a6 37. hxg5 d4 38. Ra4 Qd5 39. Qe1 Rb6 40. Ra5 Qxg2# 0-1

[Event "Titled Tuesday intern op 19th Jan"]
[Site "Chess.com INT"]
[Date "2021.01.19"]
[Round "3"]
[White "Peng, David T"]
[Black "Bethke, Richard"]
[Result "0-1"]
[WhiteElo "2287"]
[BlackElo "2332"]
[PlyCount "72"]
[EventDate "2021.01.19"]
[EventType "swiss (blitz)"]
[EventRounds "11"]
[EventCountry "USA"]
[SourceTitle "CBM 200 Extra"]
[Source "ChessBase"]
[SourceDate "2021.03.31"]
[SourceVersion "1"]
[SourceVersionDate "2021.03.31"]
[SourceQuality "1"]

1. e4 c5 2. Nf3 d6 3. d4 cxd4 4. Nxd4 Nf6 5. Nc3 a6 6. Be2 e5 7. Nb3 Be7 8. Bg5 Be6 9. Qd3 0-0 10. Bxf6 Bxf6 11. 0-0-0 Be7 12. Kb1 Nd7 13. g3 b5 14. f4 Nb6 15. f5 Bc4 16. Qf3 b4 17. Nd5 Bxd5 18. exd5 a5 19. Nd2 a4 20. Ne4 Ra5 21. g4 Nxd5 22. g5 Bxg5 23. Nxg5 Qxg5 24. Rxd5 Rxd5 25. Qxd5 Qxf5 26. Qxd6 b3 27. Bd3 e4 28. Rf1 bxc2+ 29. Kxc2 exd3+ 30. Qxd3 Rc8+ 31. Kd2 Qg5+ 32. Ke2 Rd8 33. Qe3 Qb5+ 34. Kf3 Rd3 35. Re1 Rxe3+ 36. Rxe3 g6 0-1

[Event "Titled Tuesday intern op 15st Dec"]
[Site "Chess.com INT"]
[Date "2020.12.15"]
[Round "5"]
[White "Peng, David T"]
[Black "Pasti, Aron"]
[Result "1/2-1/2"]
[WhiteElo "2287"]
[BlackElo "2227"]
[PlyCount "99"]
[EventDate "2020.12.15"]
[EventType "swiss (blitz)"]
[EventRounds "11"]
[EventCountry "USA"]
[SourceTitle "CBM 199 Extra"]
[Source "ChessBase"]
[SourceDate "2021.01.31"]
[SourceVersion "1"]
[SourceVersionDate "2021.01.31"]
[SourceQuality "1"]

1. e4 c5 2. Nf3 e6 3. d4 cxd4 4. Nxd4 Nc6 5. Nb5 d6 6. c4 Nf6 7. N1c3 a6 8. Na3 Be7 9. Be2 0-0 10. 0-0 b6 11. Nc2 Bb7 12. Be3 Rc8 13. f3 Ne5 14. Na4 Nxc4 15. Bxc4 Rxc4 16. Nxb6 Rc6 17. Na4 d5 18. Nd4 Rc8 19. e5 Nd7 20. f4 Qc7 21. Kh1 Nc5 22. Rc1 Qa5 23. Nxc5 Bxc5 24. Nb3 Bxe3 25. Nxa5 Rxc1 26. Qe2 Rxf1+ 27. Qxf1 Ba8 28. h4 d4 29. Nc4 Rc8 30. f5 exf5 31. b3 f4 32. Qd3 g6 33. e6 fxe6 34. Kh2 Bd5 35. h5 Bxc4 36. bxc4 Kg7 37. hxg6 hxg6 38. g4 Rh8+ 39. Kg2 Rh4 40. Qe2 e5 41. Qf3 d3 42. Qb7+ Kh6 43. Qd7 Kg5 44. Qd8+ Kxg4 45. Qd7+ Kg5 46. Qd8+ Kh5 47. Qh8+ Kg5 48. Qd8+ Kg4 49. Qd7+ Kg5 50. Qd8+ 1/2-1/2

[Event "Titled Tuesday intern op 15st Dec"]
[Site "Chess.com INT"]
[Date "2020.12.15"]
[Round "7"]
[White "Peng, David T"]
[Black "Rustemov, Alexander"]
[Result "0-1"]
[WhiteElo "2287"]
[BlackElo "2525"]
[PlyCount "106"]
[EventDate "2020.12.15"]
[EventType "swiss (blitz)"]
[EventRounds "11"]
[EventCountry "USA"]
[SourceTitle "CBM 199 Extra"]
[Source "ChessBase"]
[SourceDate "2021.01.31"]
[SourceVersion "1"]
[SourceVersionDate "2021.01.31"]
[SourceQuality "1"]

1. d4 g6 2. c4 Bg7 3. Nc3 c5 4. d5 Bxc3+ 5. bxc3 f5 6. Nh3 Qa5 7. Bd2 d6 8. Nf4 Nf6 9. f3 Nbd7 10. h4 Ne5 11. e3 Bd7 12. Be2 0-0-0 13. a4 h6 14. Qb3 g5 15. Ne6 Bxe6 16. dxe6 Rdg8 17. Rb1 Qc7 18. hxg5 hxg5 19. Rxh8 Rxh8 20. Kf2 Qc6 21. Qb5 Ne8 22. a5 Nc7 23. Qb2 Nxe6 24. Qc2 Ng7 25. Bd3 e6 26. Rg1 Kc7 27. Be2 Ne8 28. f4 gxf4 29. exf4 Nd7 30. Bf3 Qa6 31. Qb3 Nef6 32. Re1 Re8 33. Qa4 d5 34. cxd5 exd5 35. Rxe8 Nxe8 36. Bxd5 Qd3 37. Qa2 Nef6 38. Bf3 Ne4+ 39. Bxe4 Qxe4 40. a6 b5 41. Be3 Qc6 42. Qf7 Qxa6 43. Qxf5 Qa2+ 44. Kg3 Qc4 45. Qc2 a5 46. f5 a4 47. Bf4+ Kc6 48. Qd2 Qd5 49. Qe3 a3 50. Qe8 Kb7 51. f6 a2 52. Qe7 a1Q 53. f7 Qxc3+ 0-1

[Event "Titled Tuesday intern op 01st Dec"]
[Site "Chess.com INT"]
[Date "2020.12.01"]
[Round "9"]
[White "Acor, Corey B"]
[Black "Peng, David T"]
[Result "1-0"]
[WhiteElo "2223"]
[BlackElo "2287"]
[PlyCount "115"]
[EventDate "2020.12.01"]
[EventType "swiss (blitz)"]
[EventRounds "11"]
[EventCountry "USA"]
[SourceTitle "CBM 199 Extra"]
[Source "ChessBase"]
[SourceDate "2021.01.31"]
[SourceVersion "1"]
[SourceVersionDate "2021.01.31"]
[SourceQuality "1"]

1. e4 c5 2. Nc3 a6 3. g3 b5 4. Bg2 Bb7 5. d3 e6 6. Be3 d5 7. exd5 exd5 8. d4 c4 9. a3 Nf6 10. Nge2 Nbd7 11. 0-0 Be7 12. h3 0-0 13. g4 Nb6 14. Ng3 Re8 15. Nf5 Bc8 16. Nxe7+ Rxe7 17. Bg5 Re6 18. f4 Re8 19. Bxf6 Qxf6 20. Nxd5 Nxd5 21. Bxd5 Ra7 22. c3 Rae7 23. Qf3 Re3 24. Qg2 Qh4 25. Bf3 Bb7 26. Rad1 Bxf3 27. Rxf3 Re2 28. Qg3 Qxg3+ 29. Rxg3 Rxb2 30. d5 Kf8 31. d6 Rd8 32. a4 Re2 33. axb5 axb5 34. Rd5 Ra8 35. Kf1 Rb2 36. Re3 Ra1+ 37. Re1 Rxe1+ 38. Kxe1 Ke8 39. Re5+ Kd8 40. Re7 b4 41. cxb4 c3 42. Kd1 Rxb4 43. Rxf7 Rd4+ 44. Kc2 Rxd6 45. Rxg7 Rh6 46. Kxc3 Rxh3+ 47. Kd4 Rg3 48. f5 h5 49. g5 h4 50. Ke5 h3 51. Kf6 h2 52. Rh7 Rg2 53. g6 Rg1 54. Rh8+ Kd7 55. Rh7+ Kd6 56. Rxh2 Rf1 57. g7 Rg1 58. Rh8 1-0

[Event "Titled Tuesday intern op 01st Dec"]
[Site "Chess.com INT"]
[Date "2020.12.01"]
[Round "11"]
[White "Peng, David T"]
[Black "Costachi, Mihnea"]
[Result "0-1"]
[WhiteElo "2287"]
[BlackElo "2471"]
[PlyCount "60"]
[EventDate "2020.12.01"]
[EventType "swiss (blitz)"]
[EventRounds "11"]
[EventCountry "USA"]
[SourceTitle "CBM 199 Extra"]
[Source "ChessBase"]
[SourceDate "2021.01.31"]
[SourceVersion "1"]
[SourceVersionDate "2021.01.31"]
[SourceQuality "1"]

1. d4 Nf6 2. c4 g6 3. Nc3 Bg7 4. e4 0-0 5. Be2 d6 6. Bg5 Na6 7. Qd2 e5 8. d5 Qe8 9. 0-0-0 Nc5 10. f3 Nh5 11. Be3 Bd7 12. g3 a6 13. Kb1 b5 14. Rc1 Rb8 15. cxb5 axb5 16. b4 Na4 17. Nxa4 bxa4 18. a3 Rc8 19. Ba6 Ra8 20. Bd3 c6 21. Bc4 cxd5 22. Bxd5 Rc8 23. Ne2 Kh8 24. Rxc8 Bxc8 25. Rc1 f5 26. Rc7 fxe4 27. Bxe4 Qe6 28. Qd5 Nf6 29. Qxe6 Bxe6 30. Bc2 Nd5 0-1

[Event "Titled Tuesday intern op 01st Dec"]
[Site "Chess.com INT"]
[Date "2020.12.01"]
[Round "4"]
[White "Peng, David T"]
[Black "Le, Tuan Minh"]
[Result "0-1"]
[WhiteElo "2287"]
[BlackElo "2514"]
[PlyCount "112"]
[EventDate "2020.12.01"]
[EventType "swiss (blitz)"]
[EventRounds "11"]
[EventCountry "USA"]
[SourceTitle "CBM 199 Extra"]
[Source "ChessBase"]
[SourceDate "2021.01.31"]
[SourceVersion "1"]
[SourceVersionDate "2021.01.31"]
[SourceQuality "1"]

1. d4 d5 2. Nf3 Nf6 3. c4 c6 4. Qc2 dxc4 5. Qxc4 Bg4 6. Ne5 Be6 7. Qd3 Nbd7 8. Nf3 Bg4 9. Nc3 e6 10. e4 Be7 11. Be2 0-0 12. 0-0 Rc8 13. h3 Bh5 14. Bf4 h6 15. Rad1 Bg6 16. Ne5 Nxe5 17. dxe5 Qxd3 18. Bxd3 Nd7 19. Rfe1 Rfd8 20. Bc2 Bb4 21. Bg3 Nb6 22. Bb3 Rxd1 23. Rxd1 Bxc3 24. bxc3 Bxe4 25. f3 Bd5 26. Bf2 c5 27. Bxd5 Nxd5 28. c4 Nb6 29. Rc1 Kf8 30. f4 Ke8 31. Be3 Kd7 32. Kf2 Kc6 33. g4 Rd8 34. Ke2 h5 35. gxh5 Rh8 36. Rg1 Rh7 37. Kd3 Nc8 38. Rg5 Ne7 39. Bd2 Nf5 40. a4 b6 41. Bc3 a6 42. Kd2 Rh8 43. Kc2 b5 44. axb5+ axb5 45. cxb5+ Kxb5 46. h4 Kc4 47. Bb2 Rd8 48. h6 gxh6 49. Rg1 Rd3 50. Rg8 Ne3+ 51. Kb1 Rd1+ 52. Ka2 Rd2 53. Rf8 Nd1 54. Rxf7 Rxb2+ 55. Ka1 Rb6 56. Rf6 Nc3 0-1

[Event "Titled Tuesday intern op 01st Dec"]
[Site "Chess.com INT"]
[Date "2020.12.01"]
[Round "1"]
[White "Peng, David T"]
[Black "Winslow, Elliott C"]
[Result "1-0"]
[WhiteElo "2287"]
[BlackElo "2150"]
[PlyCount "79"]
[EventDate "2020.12.01"]
[EventType "swiss (blitz)"]
[EventRounds "11"]
[EventCountry "USA"]
[SourceTitle "CBM 199 Extra"]
[Source "ChessBase"]
[SourceDate "2021.01.31"]
[SourceVersion "1"]
[SourceVersionDate "2021.01.31"]
[SourceQuality "1"]

1. d4 Nf6 2. c4 e6 3. g3 c5 4. d5 exd5 5. cxd5 d6 6. Nc3 g6 7. Bg2 Bg7 8. Nf3 0-0 9. 0-0 Re8 10. Re1 a6 11. a4 Bg4 12. h3 Bxf3 13. Bxf3 Nbd7 14. Bg2 Rb8 15. a5 b5 16. axb6 Rxb6 17. e4 h5 18. Qe2 Qc8 19. Bf4 Ne5 20. Bxe5 Rxe5 21. Qc2 Qb8 22. Re2 Re7 23. f4 Reb7 24. Ra2 Nd7 25. Kh2 Bd4 26. e5 dxe5 27. f5 h4 28. d6 hxg3+ 29. Kxg3 e4 30. Bxe4 Qxd6+ 31. Kg2 Rb8 32. fxg6 fxg6 33. Bd5+ Kg7 34. Re6 Qxe6 35. Bxe6 Rxe6 36. Ne2 Bf6 37. Nf4 Rd6 38. Qxg6+ Kf8 39. Qf5 Rb4 40. Nd5 1-0

[Event "USA-ch Online Swiss 2400+"]
[Site "Chess.com INT"]
[Date "2020.11.29"]
[Round "3"]
[White "Peng, David T"]
[Black "Gurevich, Dmitry"]
[Result "1/2-1/2"]
[WhiteElo "2287"]
[BlackElo "2399"]
[PlyCount "73"]
[EventDate "2020.11.29"]
[EventType "swiss (blitz)"]
[EventRounds "12"]
[EventCountry "USA"]
[SourceTitle "CBM 199 Extra"]
[Source "ChessBase"]
[SourceDate "2021.01.31"]
[SourceVersion "1"]
[SourceVersionDate "2021.01.31"]
[SourceQuality "1"]

1. e4 c5 2. Nf3 d6 3. Bb5+ Bd7 4. Bxd7+ Nxd7 5. 0-0 Ngf6 6. Qe2 e6 7. c3 Be7 8. Re1 0-0 9. d3 a6 10. Nbd2 b5 11. Nf1 Re8 12. Ng3 Nf8 13. h3 Ng6 14. Be3 Rc8 15. Rad1 Qc7 16. Nd2 d5 17. exd5 Nxd5 18. Nb3 Nxe3 19. Qxe3 h6 20. Ne4 Red8 21. d4 cxd4 22. Nxd4 b4 23. Rc1 Qf4 24. g3 Qxe3 25. fxe3 Ne5 26. cxb4 Bxb4 27. Rxc8 Rxc8 28. Re2 Rc1+ 29. Kg2 f5 30. Nf2 Kf7 31. e4 fxe4 32. Rxe4 Bd6 33. Re2 Rc4 34. Nc2 Rc6 35. Nd4 Rc4 36. Nc2 Rc6 37. Nd4 1/2-1/2

[Event "USA-ch Online Swiss 2400+"]
[Site "Chess.com INT"]
[Date "2020.11.29"]
[Round "1"]
[White "Peng, David T"]
[Black "Mei, Austin"]
[Result "1/2-1/2"]
[WhiteElo "2287"]
[BlackElo "1962"]
[PlyCount "54"]
[EventDate "2020.11.29"]
[EventType "swiss (blitz)"]
[EventRounds "12"]
[EventCountry "USA"]
[SourceTitle "CBM 199 Extra"]
[Source "ChessBase"]
[SourceDate "2021.01.31"]
[SourceVersion "1"]
[SourceVersionDate "2021.01.31"]
[SourceQuality "1"]

1. e4 e5 2. Nf3 Nc6 3. Bb5 a6 4. Bxc6 dxc6 5. 0-0 Bg4 6. h3 h5 7. d3 Qf6 8. Be3 Bxf3 9. Qxf3 Qxf3 10. gxf3 Bd6 11. Nd2 Ne7 12. Nc4 0-0-0 13. a4 Ng6 14. Kh1 Nf8 15. b4 Ne6 16. Rfb1 Kd7 17. b5 axb5 18. axb5 b6 19. Ra7 cxb5 20. Nxb6+ Kc6 21. Nd5 Ra8 22. Rba1 Rxa7 23. Rxa7 Rb8 24. Ra6+ Kd7 25. Ra2 Kc6 26. Ra6+ Kd7 27. Ra2 Kc6 1/2-1/2

[Event "Titled Tuesday intern op 24th Nov"]
[Site "Chess.com INT"]
[Date "2020.11.24"]
[Round "6"]
[White "Peng, David T"]
[Black "Brunner, Nicolas"]
[Result "0-1"]
[WhiteElo "2287"]
[BlackElo "2418"]
[PlyCount "84"]
[EventDate "2020.11.24"]
[EventType "swiss (blitz)"]
[EventRounds "11"]
[EventCountry "USA"]
[SourceTitle "CBM 199 Extra"]
[Source "ChessBase"]
[SourceDate "2021.01.31"]
[SourceVersion "1"]
[SourceVersionDate "2021.01.31"]
[SourceQuality "1"]

1. e4 c5 2. Nf3 Nf6 3. e5 Nd5 4. Nc3 Nxc3 5. bxc3 Nc6 6. d4 cxd4 7. cxd4 d5 8. c4 Bg4 9. Rb1 Rb8 10. Be2 e6 11. 0-0 Be7 12. cxd5 Qxd5 13. Be3 0-0 14. Qa4 Rfd8 15. Rb5 Qd7 16. Rfb1 b6 17. h3 Bxf3 18. Bxf3 Nxd4 19. Bxd4 Qxd4 20. Qxa7 Bc5 21. R5b2 Qxe5 22. a4 b5 23. Qa6 b4 24. a5 g6 25. Qc6 Rd6 26. Qa4 Ra6 27. Rc2 Kg7 28. Re2 Qd4 29. Rd1 Rxa5 30. Qc2 Qc3 31. Qb1 b3 32. Rc1 Qf6 33. Re4 b2 34. Rce1 Ra1 35. Qd3 b1Q 36. Rxb1 Raxb1+ 37. Kh2 Qa1 38. Kg3 Qf6 39. h4 h5 40. Kh2 R1b4 41. Re2 Qxh4+ 42. Kg1 Rb1+ 0-1

[Event "Titled Tuesday intern op 24th Nov"]
[Site "Chess.com INT"]
[Date "2020.11.24"]
[Round "7"]
[White "Peng, David T"]
[Black "Zhou, Qiyu"]
[Result "1-0"]
[WhiteElo "2287"]
[BlackElo "2229"]
[PlyCount "91"]
[EventDate "2020.11.24"]
[EventType "swiss (blitz)"]
[EventRounds "11"]
[EventCountry "USA"]
[SourceTitle "CBM 199 Extra"]
[Source "ChessBase"]
[SourceDate "2021.01.31"]
[SourceVersion "1"]
[SourceVersionDate "2021.01.31"]
[SourceQuality "1"]

1. Nf3 Nf6 2. c4 e6 3. g3 d5 4. Bg2 d4 5. 0-0 c5 6. d3 Nc6 7. Na3 Be7 8. Nc2 0-0 9. e3 e5 10. exd4 cxd4 11. Re1 Nd7 12. Rb1 a5 13. b3 f6 14. a3 Nc5 15. b4 Na4 16. Bd2 Bf5 17. b5 Nb8 18. Ncxd4 exd4 19. Qxa4 Bxd3 20. Rbd1 Nd7 21. Qb3 Nc5 22. Qb2 Bxc4 23. Qxd4 Qxd4 24. Nxd4 Rfe8 25. Bxb7 Nxb7 26. a4 Bc5 27. Nc6 Rxe1+ 28. Bxe1 Be6 29. Rc1 Kf7 30. Nxa5 Bxf2+ 31. Kxf2 Nxa5 32. Rc7+ Kg6 33. b6 Bd5 34. Rc5 Nb7 35. Rxd5 Rxa4 36. Rd7 Nc5 37. Rc7 Ra2+ 38. Kg1 Ne6 39. Re7 Nd4 40. Bf2 Nc6 41. Rc7 Ne5 42. b7 Rb2 43. h4 Rb1+ 44. Kg2 Nd3 45. Bd4 Rb4 46. Ba7 1-0